LEADER 00844nam0 2200301 450 001 9910325559103321 005 20190620133716.0 010 $a978-88-400-1844-7 100 $a20190620d2015----km y0itay50 ba 101 0 $aita 102 $aIT 105 $a 001yy 200 1 $aDanimarca$fPaolo Borioni, Niels Finn Christiansen 210 $aMilano$cUNICOPLI$d2015 215 $a250 p.$d20 cm 225 1 $aStoria d'Europa nel XX secolo$v9 320 $aContiene bibl. (pp.235-246) 610 0 $aDanimarca - Sec. 20. 676 $a948.9$v23$zita 700 1$aBorioni,$bPaolo$0150648 701 1$aChristiansen,$bNiels Finn$0765879 801 0$aIT$bUNINA$gREICAT$2UNIMARC 901 $aBK 912 $a9910325559103321 952 $aXIV B 2789$b741/2019$fFSPBC 959 $aFSPBC 996 $aDanimarca$91557507 997 $aUNINA LEADER 01013nam0 22002411i 450 001 VAN0044469 005 20221121113343.399 100 $a20060419d1934 |0itac50 ba 101 $aita 102 $aIT 105 $a|||| ||||| 200 1 $aEsempi di stime immobiliari con speciale riguardo ai mutui fondiari$estima dei terreni a conduzione diretta ... / Cristoforo Russo 210 $aTorino$cUnione Tipografica Editrice Torinese$d1934 215 $aIV, 310 p.$d24 cm 620 $dTorino$3VANL000001 700 1$aRusso$bCristoforo$3VANV035414$02449 712 $aUTET$3VANV107949$4650 801 $aIT$bSOL$c20221125$gRICA 899 $aBIBLIOTECA DEL DIPARTIMENTO DI GIURISPRUDENZA$1IT-CE0105$2VAN00 912 $aVAN0044469 950 $aBIBLIOTECA DEL DIPARTIMENTO DI GIURISPRUDENZA$d00CONS III.Ea.7 $e00FP 29261 20060419 Fondo Raffaele Papa 996 $aEsempi di stime immobiliari con speciale riguardo ai mutui fondiari$9101773 997 $aUNISOB